000
00291nam a22001217a 4500
008
230621b xxu||||| |||| 00| 0 eng d
082
_a
324.42
_b
RIC
100
_c
Peter G. Richards
245
_a
Honorable Members
260
_a
london
_b
Faber and Faber LTD
300
_a
294p
942
_2
ddc
_c
BK
999
_c
2302
_d
2302